|
000
|
01072nam0 2200277 450
|
|
001
|
1746
|
|
005
|
20100421095436.25
|
|
010
|
|
@a978-7-5611-4223-3@b精装@dCNY448.00 (上、下册)
|
|
098
|
|
@a1746
|
|
100
|
|
@a20081123d2008 em y0chiy0120 ea
|
|
101
|
1
|
@achi@ceng
|
|
102
|
|
@aCN@b210000
|
|
105
|
|
@aa z 000yy
|
|
106
|
|
@ar
|
|
200
|
1
|
@a中国最新顶尖样板房@Azhong guo zui xin ding jian yang ban fang@hⅡ@d= China new top show flat@hII@f深圳市创扬文化传播有限公司编@g赵欣译@zeng
|
|
210
|
|
@a大连@c大连理工大学出版社@d2008.07
|
|
215
|
|
@a2册(255;271页)@c图@d30cm
|
|
330
|
|
@a本书收录了中国最新顶尖样板房,包括广州番禺澳元冠军城样板房、唐山天元帝景示范单位、成都龙湖·虹波三千里样板房B1-2型等内容。
|
|
510
|
1
|
@aChina new top show flat@hII@zeng
|
|
606
|
0
|
@a住宅@Azhu zhai@x室内设计@y中国@z现代@j图集
|
|
606
|
0
|
@a建筑学
|
|
690
|
|
@aTU:Z@v4
|
|
702
|
0
|
@a赵欣@Azhao xin@4译
|
|
711
|
02
|
@a深圳市创扬文化传播有限公司@Ashen zhen shi chuang yang wen hua chuan bo you xian gong si@4编
|
|
801
|
0
|
@aCN@bCDNYKJZYXY@c20100421
|
|
905
|
|
@aCDNYKJZYXY@dTU:Z@e250
|
|
|
|
|
| |
| 中国最新顶尖样板房.Ⅱ= China new top show flat.II/深圳市创扬文化传播有限公司编/赵欣译.-大连:大连理工大学出版社,2008.07 |
| 2册(255;271页):图;30cm |
| |
| |
| ISBN 978-7-5611-4223-3(精装):CNY448.00 (上、下册) |
| 本书收录了中国最新顶尖样板房,包括广州番禺澳元冠军城样板房、唐山天元帝景示范单位、成都龙湖·虹波三千里样板房B1-2型等内容。 |
| ● |
正题名:中国最新顶尖样板房
索取号:TU:Z/250
 
预约/预借
| 序号
|
登录号
|
条形码
|
馆藏地/架位号
|
状态
|
备注
|
|
1
|
254389
|
300254389
|
柳城-5楼/56架5列6层/
[索取号:TU:Z/250]
|
在馆
|
|
|
2
|
254390
|
300254390
|
柳城-5楼/56架5列6层/
[索取号:TU:Z/250]
|
在馆
|
|
|
3
|
254391
|
300254391
|
柳城-5楼/56架5列6层/
[索取号:TU:Z/250]
|
在馆
|
|
|
4
|
254392
|
300254392
|
柳城-5楼/56架5列6层/
[索取号:TU:Z/250]
|
在馆
|
|